Вольтамперометрическое определение 4-(4-аминофенил)морфолин-3-она; Химия и химическая технология в XXI веке; Т. 1

Bibliografiske detaljer
Parent link:Химия и химическая технология в XXI веке: материалы XXIII Международной научно-практической конференции студентов и молодых ученых имени выдающихся химиков Л. П. Кулёва и Н. М. Кижнера, Томск, 16-19 мая 2022 г./ Национальный исследовательский Томский политехнический университет (ТПУ); Инженерная школа природных ресурсов; Инженерная школа новых производственных технологий; Исследовательская школа химических и биомедицинских технологий..— , 2022
Т. 1.— 2022.— [С. 345-346]
Hovedforfatter: Карташов М.
Institution som forfatter: Национальный исследовательский Томский политехнический университет Инженерная школа природных ресурсов Отделение химической инженерии
Andre forfattere: Короткова Е. И. Елена Ивановна (научный руководитель), Barek J.
Summary:Заглавие с титульного экрана
Sprog:russisk
Udgivet: 2022
Serier:Теоретические и прикладные аспекты физической и аналитической химии
Fag:
Online adgang:http://earchive.tpu.ru/handle/11683/72427
Format: MixedMaterials Electronisk Book Chapter
KOHA link:https://koha.lib.tpu.ru/cgi-bin/koha/opac-detail.pl?biblionumber=634325

MARC

LEADER 00000naa2a2200000 4500
001 634325
005 20240215144351.0
035 |a (RuTPU)RU\TPU\conf\36110 
035 |a RU\TPU\conf\36107 
090 |a 634325 
100 |a 20220525d2022 k y0rusy50 ca 
101 0 |a rus 
102 |a RU 
105 |a y z 101zy 
135 |a drcn ---uucaa 
181 0 |a i  
182 0 |a b 
200 1 |a Вольтамперометрическое определение 4-(4-аминофенил)морфолин-3-она  |f М. Карташов, Е. И. Короткова, J. Barek  |g науч. рук. Е. И. Короткова 
203 |a Текст  |c электронный 
225 1 |a Теоретические и прикладные аспекты физической и аналитической химии 
300 |a Заглавие с титульного экрана 
320 |a [Библиогр.: с. 346 (4 назв.)] 
338 |b Российский фонд фундаментальных исследований  |d 19-53-26001 
461 1 |0 (RuTPU)RU\TPU\conf\36040  |t Химия и химическая технология в XXI веке  |o материалы XXIII Международной научно-практической конференции студентов и молодых ученых имени выдающихся химиков Л. П. Кулёва и Н. М. Кижнера, Томск, 16-19 мая 2022 г.  |o в 2 т.  |f Национальный исследовательский Томский политехнический университет (ТПУ); Инженерная школа природных ресурсов; Инженерная школа новых производственных технологий; Исследовательская школа химических и биомедицинских технологий.  |d 2022 
463 1 |0 (RuTPU)RU\TPU\conf\36041  |t Т. 1  |v [С. 345-346]  |d 2022 
610 1 |a труды учёных ТПУ 
610 1 |a электронный ресурс 
610 1 |a вольтамперометрическое определение 
610 1 |a антикоагулянты 
610 1 |a профилактика 
610 1 |a тромбы 
700 1 |a Карташов  |b М. 
701 1 |a Короткова  |b Е. И.  |c химик  |c профессор Томского политехнического университета, доктор химических наук  |f 1965-  |g Елена Ивановна  |3 (RuTPU)RU\TPU\pers\27109  |9 12659 
701 1 |a Barek  |b J. 
702 1 |a Короткова  |b Е. И.  |c химик  |c профессор Томского политехнического университета, доктор химических наук  |f 1965-  |g Елена Ивановна  |4 727 
712 0 2 |a Национальный исследовательский Томский политехнический университет  |b Инженерная школа природных ресурсов  |b Отделение химической инженерии  |3 (RuTPU)RU\TPU\col\23513 
801 2 |a RU  |b 63413507  |c 20220623  |g RCR 
856 4 |u http://earchive.tpu.ru/handle/11683/72427 
942 |c BK